NBA All-Time Statistical Leaders - Statistics

General Stats
  • This quiz has been taken 101 times
  • The average score is 33 of 51
Answer Stats
Categories Player % Correct
Points, assists, steals LeBron James
100%
Points, steals Michael Jordan
100%
Points, rebounds, blocks Kareem Abdul-Jabbar
99%
Points Kobe Bryant
99%
Points, rebounds Wilt Chamberlain
97%
Points, rebounds, blocks, steals Hakeem Olajuwon
96%
Points, rebounds, steals Karl Malone
96%
Points, rebounds Moses Malone
96%
Assists, steals John Stockton
93%
Points, rebounds, blocks Shaquille O'Neal
92%
Rebounds Bill Russell
89%
Points Kevin Durant
89%
Assists, steals Chris Paul
88%
Points Dirk Nowitzki
88%
Assists Magic Johnson
88%
Rebounds, blocks Tim Duncan
82%
Points Carmelo Anthony
81%
Blocks Dikembe Mutombo
81%
Assists Russell Westbrook
81%
Steals Scottie Pippen
81%
Assists, steals Jason Kidd
80%
Assists Steve Nash
80%
Steals Alvin Robertson
76%
Points, assists Oscar Robertson
76%
Blocks David Robinson
74%
Rebounds Kevin Garnett
73%
Rebounds, blocks Dwight Howard
66%
Blocks Patrick Ewing
66%
Steals Allen Iverson
65%
Points Elvin Hayes
59%
Points Dominique Wilkins
58%
Assists, steals Gary Payton
55%
Rebounds, blocks Robert Parish
55%
Assists Isiah Thomas
53%
Rebounds Wes Unseld
53%
Steals Clyde Drexler
51%
Assists Andre Miller
50%
Blocks Ben Wallace
49%
Blocks Mark Eaton
47%
Assists Rajon Rondo
47%
Assists Mark Jackson
46%
Blocks Alonzo Mourning
42%
Rebounds Nate Thurmond
28%
Blocks Shawn Bradley
28%
Assists, steals Maurice Cheeks
26%
Steals Derek Harper
18%
Blocks Tree Rollins
18%
Rebounds Walt Bellamy
18%
Assists Rod Strickland
16%
Steals Mookie Blaylock
15%
Blocks Marcus Camby
12%
No matching quizzes found
Score Distribution
Percent of People with Each Score
Percentile by Number Answered
Your Score History
You have not taken this quiz